Les étoiles du chemin des étoiles de Cannes en 2024 (4) - Statistiques

Statistiques générales
  • Ce quiz a été pris 7 fois
  • Le résultat moyen est 5 sur 31
Statistiques - réponses
Pays Catégorie Activité Prénom et Nom % Correct
Italie Cinéma Actrice Monica {Belluci}
100%
Italie Cinéma Réalisateur Sergio {Leone}
80%
Japon Cinéma Réalisateur Akira {Kurosawa}
40%
Mexique Cinéma Réalisateur & Acteur Anthony {Quinn}
40%
Royaume-Uni Cinéma Réalisateur Ken {Loach}
40%
Italie Cinéma Actrice Sophia {Loren}
40%
Pologne Cinéma Réalisateur Andrzej {Żuławski}
20%
Royaume-Uni Cinéma Actrice Charlotte {Rampling}
20%
Royaume-Uni Cinéma Actrice Julie {Andrews}
20%
Royaume-Uni Cinéma Actrice Kristin {Scott Thomas}
20%
Italie Cinéma Réalisateur Paolo {Taviani}
20%
Royaume-Uni Musique Compositeur Paul {McCartney}
20%
Royaume-Uni Cinéma Acteur Ruppert {Everett}
20%
Suisse Cinéma Actrice Ursula {Andress}
20%
Royaume-Uni Cinéma Actrice Vanessa {Redgrave}
20%
Italie Cinéma Réalisateur Vittorio {Taviani}
20%
Pologne Cinéma Réalisateur Andrzej {Wajda}
0%
Suisse Cinéma Artiste Ben
0%
Royaume-Uni Cinéma Acteur Ben {Kingsley}
0%
Suisse Cinéma Acteur Bruno {Ganz}
0%
Royaume-Uni Cinéma Actrice Emily {Blunt}
0%
Royaume-Uni Cinéma Réalisateur & Acteur Ewan {Mac Gregor}
0%
Tchéquie Cinéma Réalisateur Jiri {Menzel}
0%
Royaume-Uni Cinéma Réalisateur & Acteur John {Boorman}
0%
Suède Cinéma Actrice Lena {Olin}
0%
Tchad Musique Rappeur MC {Solaar}
0%
Italie Cinéma Réalisateur Pupi {Avati}
0%
Royaume-Uni Cinéma Actrice Rachel {Weisz}
0%
Russie Cinéma Actrice Tatiana {Samoilova}
0%
Royaume-Uni Cinéma Acteur Timothy {Dalton}
0%
Nigeria Musique Chanteuse Yemi {Alade}
0%
Aucun quiz correspondant
Distribution des résultats
% des personnes avec chaque résultat
Percentile par nombre de réponses
Votre historique - résultats
Vous n’avez pas pris ce quiz